| 000 | 004370000a22001690004500 | ||
|---|---|---|---|
| 003 | MACL | ||
| 005 | 20151222133102.0 | ||
| 008 | 151222b xxu||||| |||| 00| 0 eng d | ||
| 040 |
_aMACL _cMACL |
||
| 041 | _aEnglish | ||
| 082 | _a910/BAL | ||
| 100 |
_aBalchin, W G V _921909 |
||
| 245 |
_aGeography and Man _bVol 3 |
||
| 260 |
_bThe New Era Publishing Co Ltd _aLondon |
||
| 650 |
_aGeography & Travel _921910 |
||
| 942 |
_cBK _k910/BAL _2ddc |
||
| 999 |
_c40899 _d40899 |
||